Anything but Vietnam Quiz Stats

 Plays Quiz Updated Jul 6, 2016

Challenge
Share
Tweet
Embed
Score 0/35 Timer 06:00
3 Plays Today
Hint Answer % Correct
Border ChinaRussia
94.7%
Border ChinaLaos
92.8%
Were Part of French IndochinaLaos
92.8%
Border ChinaIndia
92.8%
Are Part of ASEANLaos
92.8%
Border ChinaMongolia
91.2%
Border ChinaNorth Korea
90.9%
Were Part of French IndochinaCambodia
90.1%
Are Part of ASEANCambodia
90.1%
Are Part of ASEANThailand
89.9%
Border ChinaNepal
89.5%
Are Part of ASEANIndonesia
86.9%
Border ChinaMyanmar
85.2%
Are Part of ASEANMyanmar
85.2%
Border ChinaPakistan
83.3%
Are Part of ASEANMalaysia
83%
Begin with the Letter 'V'Venezuela
80.8%
Border ChinaKazakhstan
78.5%
Hint Answer % Correct
Begin with the Letter 'V'Vanuatu
78.4%
Are Part of ASEANSingapore
78.2%
Border ChinaBhutan
77.9%
Border ChinaAfghanistan
77.3%
Have a Red and Yellow flagChina
77.1%
Were Part of French IndochinaChina
76.9%
Are Part of ASEANPhilippines
73.7%
Begin with the Letter 'V'Vatican City
73.5%
Have a Red and Yellow flagKyrgyzstan
73%
Border ChinaKyrgyzstan
73%
Border ChinaTajikistan
70.4%
Are Part of ASEANBrunei
65.1%
Have a Capital Beginning with 'H'Finland (Helsinki)
57.1%
Have a Capital Beginning with 'H'Cuba (Havana)
50.6%
Have a Capital Beginning with 'H'Zimbabwe (Harare)
38.8%
Have a Capital Beginning with 'H'Solomon Islands (Honiara)
27.3%
Have a Red and Yellow flagMacedonia
26.6%

You're not logged in!

Compare scores with friends on all Sporcle quizzes.
OR
Log In

You Might Also Like...

Show Comments

Extras

Top Quizzes Today


Score Distribution

Your Account Isn't Verified!

In order to create a playlist on Sporcle, you need to verify the email address you used during registration. Go to your Sporcle Settings to finish the process.

Report this User

Report this user for behavior that violates our Community Guidelines.

Details: